ბათუმის შოთა რუსთაველის სახელმწიფო უნივერსიტეტის ბიბლიოთეკა

Деревья и кустарники Тбилисского ботанического сада (ბიბ.ჩანაწერი № 45410)

000 -LEADER
fixed length control field 00667nam a2200205Ia 4500
001 - CONTROL NUMBER
control field 12234
003 - CONTROL NUMBER IDENTIFIER
control field GE_BSU
008 - FIXED-LENGTH DATA ELEMENTS--GENERAL INFORMATION
fixed length control field 181216s||||||||xx |||||||||||||| ||und||
040 ## - CATALOGING SOURCE
Transcribing agency GE_BSU
080 ## - UNIVERSAL DECIMAL CLASSIFICATION NUMBER
Universal Decimal Classification number 58(069)
100 ## - MAIN ENTRY--PERSONAL NAME
Personal name Башинджакели,Н.Д.
245 ## - TITLE STATEMENT
Title Деревья и кустарники Тбилисского ботанического сада
245 ## - TITLE STATEMENT
Statement of responsibility, etc. Ред.М.А.Гоголишвили
260 ## - PUBLICATION, DISTRIBUTION, ETC.
Place of publication, distribution, etc. Тбилиси
260 ## - PUBLICATION, DISTRIBUTION, ETC.
Name of publisher, distributor, etc. Мецниереба
260 ## - PUBLICATION, DISTRIBUTION, ETC.
Date of publication, distribution, etc. 1971
300 ## - PHYSICAL DESCRIPTION
Extent 169стр.ил.25см.
653 ## - INDEX TERM--UNCONTROLLED
Uncontrolled term Деревья и кустарники Тбилисского ботанического сада
942 ## - ADDED ENTRY ELEMENTS (KOHA)
Koha item type წიგნი
ეგზემპლარები
Withdrawn status Lost status Damaged status Not for loan Date acquired Barcode Date last seen Price effective from Koha item type
        2018-12-17 20470 2018-12-17 2018-12-17 წიგნი